00501nam a2200133Ia 4500008004100000100002300041245008200064245003800146260000900184650002000193856006200213999001900275952007300294160609s9999 xx 000 0 und d aHoulahan, Michael. aKodály Today: A Cognitive Approach To Elementary Music Education, 2 Edition cBy:Micheal Houlahan, Philip Tacka c2015 xMUSIC EDUCATION uhttp://file.ebook777.com/KodTodACogAppToEleMusEdu2Edi.pdf c295889d295889 001040aCLbCLd2016-06-09l0r2016-06-09 00:00:00w2016-06-09yCBE